|
|
|
|
| LEADER |
01701cas a2200277 a 4500 |
| 001 |
AALejournalIMF023090 |
| 008 |
230101c9999 xx r poo 0 0eng d |
| 020 |
|
|
|z 9781513587028
|
| 022 |
|
|
|a 2227-8915
|
| 040 |
|
|
|a BD-DhAAL
|c BD-DhAAL
|
| 110 |
2 |
|
|a International Monetary Fund.
|b Secretary's Department.
|
| 245 |
1 |
0 |
|a International Monetary Fund Annual Report 2021 Financial Statements.
|
| 264 |
|
1 |
|a Washington, D.C. :
|b International Monetary Fund,
|c 2021.
|
| 300 |
|
|
|a 1 online resource (132 pages)
|
| 490 |
1 |
|
|a Annual Report of the Executive Board
|
| 500 |
|
|
|a <strong>Off-Campus Access:</strong> No User ID or Password Required
|
| 500 |
|
|
|a <strong>On-Campus Access:</strong> No User ID or Password Required
|
| 506 |
|
|
|a Electronic access restricted to authorized BRAC University faculty, staff and students
|
| 520 |
3 |
|
|a The audited financial statements that follow form Appendix VI of the International Monetary Fund's Annual Report 2021 and can be found, together with Appendixes I through V and other materials, on the Annual Report 2021 web page (www.imf.org/AR2021). They have been reproduced separately here as a convenience for readers. Quarterly updates of the IMF's Finances are available at www.imf.org/external/pubs/ft/quart/index.htm.
|
| 538 |
|
|
|a Mode of access: Internet
|
| 650 |
|
7 |
|a International Agreements and Observance
|2 imf
|
| 650 |
|
7 |
|a International Organizations
|2 imf
|
| 650 |
|
7 |
|a Monetary Policy
|2 imf
|
| 650 |
|
7 |
|a Public Administration
|2 imf
|
| 830 |
|
0 |
|a Annual Report of the Executive Board; Annual Report of the Executive Board ;
|v No. 2021/002
|
| 856 |
4 |
0 |
|z Full text available on IMF
|u https://elibrary.imf.org/openurl?genre=book&isbn=9781513587028
|z IMF e-Library
|